[Event "Sant Boi op 29th"]
[Site "Sant Boi de Llobregat"]
[Date "2017.06.16"]
[Round "9"]
[White "Prats Rodriguez, Juan Bosco"]
[Black "Plazas Pinar, Miquel"]
[Result "1-0"]
[WhiteElo "1966"]
[BlackElo "1866"]
[PlyCount "79"]
[EventDate "2017.04.21"]
[EventType "swiss"]
[EventRounds "9"]
[EventCountry "ESP"]
[SourceTitle "CBM 187 Extra"]
[Source "ChessBase"]
[SourceDate "2018.11.04"]
[SourceVersion "1"]
[SourceVersionDate "2018.11.04"]
[SourceQuality "1"]

1. e4 Nf6 2. e5 Nd5 3. d4 d6 4. c4 Nb6 5. exd6 exd6 6. Nc3 Nc6 7. Be3 Be7 8. Nf3 Bg4 9. h3 Bh5 10. g4 Bg6 11. d5 Nb4 12. Rc1 0-0 13. a3 Na6 14. b4 Nd7 15. h4 h5 16. g5 f6 17. Be2 Bf7 18. gxf6 Bxf6 19. Ng5 g6 20. Rg1 Bg7 21. Qc2 Qf6 22. Bxh5 Qxc3+ 23. Qxc3 Bxc3+ 24. Rxc3 gxh5 25. Ne6+ Kh7 26. Rg7+ Kh8 27. Bd4 Ne5 28. Rg5 Bxe6 29. dxe6 Kh7 30. Rxh5+ Kg6 31. Rg5+ Kh6 32. Ke2 Rae8 33. Rcg3 Rxe6 34. Be3 Nxc4 35. Rg6+ Kh5 36. Rxe6 Nxe3 37. Kxe3 Rf7 38. Re8 Rh7 39. Re4 Nb8 40. Rg5+ 1-0

[Event "Cornella de Llobregat Vallve Pinol 3rd"]
[Site "Cornella de Llobregat"]
[Date "2015.09.21"]
[Round "1.3"]
[White "Plazas Pinar, Miquel"]
[Black "Escandell Mari, Juan Carlos"]
[Result "0-1"]
[WhiteElo "1956"]
[BlackElo "2388"]
[PlyCount "70"]
[EventDate "2015.09.21"]
[EventType "swiss"]
[EventRounds "9"]
[EventCountry "ESP"]
[SourceTitle "EXT 2024"]
[Source "ChessBase"]
[SourceDate "2023.10.10"]
[SourceVersion "1"]
[SourceVersionDate "2023.10.10"]
[SourceQuality "1"]

1. e4 c5 2. Nc3 Nc6 3. g3 g6 4. Bg2 Bg7 5. d3 d6 6. f4 e6 7. Be3 Nge7 8. Nf3 Nd4 9. 0-0 0-0 10. Qd2 b6 11. Rf2 Bb7 12. Raf1 Qd7 13. Nh4 Rae8 14. g4 f5 15. h3 d5 16. e5 Nxc2 17. Qxc2 d4 18. Bxb7 dxe3 19. Re2 Qxb7 20. g5 Nc6 21. Rxe3 Rd8 22. Nb5 Nd4 23. Nxd4 Rxd4 24. Qb3 Qd7 25. Ng2 Rd8 26. Ne1 Bf8 27. Kg2 b5 28. Rff3 c4 29. dxc4 bxc4 30. Qc3 Rd2+ 31. Kf1 Qb5 32. b3 cxb3+ 33. Rd3 R2xd3 34. Rxd3 Rxd3 35. Nxd3 b2 0-1